| 000 | 01390cam a2200349 a 4500 | ||
|---|---|---|---|
| 999 |
_c28 _d28 |
||
| 001 | 003206 | ||
| 003 | OSt003206 | ||
| 005 | 20181026010712.0 | ||
| 008 | 150528s2016 ck gr 000 0 spa d | ||
| 020 | _a9789587673449 | ||
| 043 | _as-ck--- | ||
| 082 | 0 | 4 |
_a343C _bC718c _216 |
| 110 | 1 | _aColombia. | |
| 240 | 2 | _aLeyes, decretos, etc. | |
| 245 | 1 | 0 |
_aCódigo penal, Ley 599 de 2000 : _bcódigos de procedimiento penal, Ley 906 de 2004 - Ley 600 de 2000 / _cedición de actualización Diego Montoya Vacadíez ; coordinación Ligia González Chaves. |
| 246 | 3 | 8 | _aCódigos de procedimiento penal, ley 906 de 2004 - ley 600 de 2000. |
| 250 | _a16a. edición. | ||
| 260 |
_aBogotá : _bLegis, _c2016. |
||
| 300 |
_a43, 744 páginas ; _c21 cm. |
||
| 440 | 0 | _aCódigos Básicos. | |
| 500 | _aConsulte el contenido también en internet. | ||
| 504 | _aIncluye bibliografía e índice. | ||
| 505 | 0 | _aCódigo penal, Ley 599 de 2000 - Código de procedimiento penal, Ley 906 de 2004 -- Código de procedimiento penal, Ley 600 de 2000 -- Suplemento. | |
| 650 | 1 | 4 |
_aDerecho penal _xLegislación _zColombia |
| 650 | 1 | 4 |
_aProcedimiento penal _xLegislación _zColombia |
| 653 | _aLey 600 de 2000 | ||
| 653 | _aLey 599 de 2000 | ||
| 653 | _aLey 906 de 2004 | ||
| 700 | 1 |
_aMontoya Vacadíez, Diego Mauricio _eeditor. |
|
| 700 | 1 |
_aGonzález Chaves, Ligia, _ecoordinadora. |
|
| 942 |
_2ddc _cRES |
||